Statistiche per Riconosci il film - n°2

Clicka qui per fare il quiz!

Statistiche generali

  • Questo quiz è stato fatto 22 volte
  • Il punteggio medio è 13 su 20

Statistiche sulle risposte

RegistaAnnoCastFilm% Corretto
Roberto Benigni1997Roberto Benigni, Nicoletta Braschi, Giorgio Cantarini, Marisa ParedesLa vita è bella
95%
Christopher Nolan2023Cillian Murphy, Emily Blunt, Robert Downey Jr., Matt DamonOppenheimer
85%
Robert Zemeckis1994Tom Hanks, Robin Wright, Gary Sinise, Sally FieldForrest Gump
80%
David Frankel2006Meryl Streep, Anne Hathaway, Emily Blunt, Stanley TucciIl diavolo veste Prada
80%
Mike Newell2005Daniel Radcliffe, Rupert Grint, Emma Watson, Robert PattinsonHarry Potter e il calice di fuoco
75%
Quentin Tarantino2003Uma Thurman, Lucy Liu, Vivica A. Fox, David CarradineKill Bill: Volume 1
75%
Gabriele Muccino2006Will Smith, Jaden Smith, Thandie Newton, Dan CastellanetaLa ricerca della felicità
75%
Tom Shadyac2003Jim Carrey, Jennifer Aniston, Morgan Freeman, Steve CarellUna settimana da Dio
75%
Roger Michell1999Hugh Grant, Julia Roberts, Rhys Ifans, Emma ChambersNotting Hill
70%
Todd Phillips2009Bradley Cooper, Zach Galifianakis, Ed Helms, Justin BarthaUna notte da leoni
70%
Quentin Tarantino1992Harvey Keitel, Steve Buscemi, Michael Madsen, Tim RothLe iene
65%
Edward Zwick2003Tom Cruise, Ken Watanabe, Tony Goldwyn, Masato HaradaL'ultimo samurai
60%
Alejandro González Iñárritu2015Leonardo Di Caprio, Tom Hardy, Domhnall Gleeson, Will PoulterRevenant - Redivivo
60%
Shawn Levy2006Ben Stiller, Robin Williams, Owen Wilson, Carla GuginoUna notte al museo
60%
Gore Verbinski2003Johnny Depp, Orlando Bloom, Keira Knightley, Geoffrey RushLa maledizione della prima luna
55%
Emile Ardolino1987Patrick Swayze, Jennifer Grey, Jerry Orbach, Kelly BishopDirty Dancing (Balli proibiti)
50%
Brian De Palma1987Kevin Costner, Sean Connery, Andy García, Robert De NiroThe Untouchables - Gli intoccabili
50%
Martin Brest1998Brad Pitt, Anthony Hopkins, Claire Forlani, Jake WeberVi presento Joe Black
40%
William Wyler1959Charlton Heston, Jack Hawkins, Haya Harareet, Stephen BoydBen-Hur
35%
Morten Tyldum2016Jennifer Lawrence, Chris Pratt, Laurence Fishburne, Andy GarcíaPassengers
35%

Distribuzione punteggi

Percentile per numero di risposta

Percentuale di utenti per punteggio

I tuoi punteggi nel tempo

Non hai fatto questo quiz